All Counter Strike Cases - Statistiques

Statistiques générales
  • Ce quiz a été pris 32 fois
  • Le résultat moyen est 25 sur 42
Statistiques - réponses
Par images Réponse % Correct
Breakout Case
90%
Hydra Operation Case
87%
Kilowatt Case
83%
Wildfire Operation Case
80%
Bravo Operation Case
77%
Dream and Nightmare Case
77%
Phoenix Operation Case
77%
Prisma Case
77%
Vanguard Case
77%
Danger Zone Case
73%
Prisma 2 Case
73%
Chroma 2 Case
70%
Chroma Case
70%
Revolver Case
70%
Summer eSports 2014 Case
70%
CS20 Case
67%
Winter eSports Case 2013
67%
Fracture Case
63%
Shattered Web Operation Case
63%
Snakebite Case
63%
Fever Case
60%
Riptide Operation Case
60%
BrokenFang Operation Case
57%
Caisse Révolution
57%
Chroma 3 Case
57%
Spectrum Case
57%
Gallery Case
53%
Gloves Case
53%
Spectrum 2 Case
53%
Clutch Case
50%
Falchion Case
50%
Gamma 2 Case
50%
Gamma Case
50%
Recoil Case
50%
CS:GO Case
47%
eSports 2013 Case
47%
Shadow Case
43%
Horizon Case
40%
Huntsman Case
33%
Winter Offensive Case
30%
CS:GO 2 Case
23%
CS:GO 3 Case
23%
Aucun quiz correspondant
Distribution des résultats
% des personnes avec chaque résultat
Percentile par nombre de réponses
Votre historique - résultats
Vous n’avez pas pris ce quiz